000 00679nam a2200289Ia 4500
005 20260324121536.0
008 008 260324s9999 xx 000 0 eng d
020 _a9781315814544
037 _aEBOOK
040 _aCRL
040 _beng
040 _cCRL
041 _2eng
041 _aeng
084 _qCRL
100 _aPoul F. Kjaer
_91162907
245 0 _aConstitutionalism in the Global Realm
245 2 _bA Sociological Approach
260 _bTaylor and Francis
260 _c2014
365 _a
365 _b255
856 _uhttp://www.taylorfrancis.com/books/9781315814544
942 _cEBOOK
999 _c1755091
_d1755091